Evacuación de aguas residuales en edificios
Zapisane w:
| 1. autor: | |
|---|---|
| Format: | Książka |
| Język: | hiszpański |
| Wydane: |
Barcelona
Marcombo S. A
2008
|
| Hasła przedmiotowe: | |
| Etykiety: |
Dodaj etykietę
Nie ma etykietki, Dołącz pierwszą etykiete!
|
MARC
| LEADER | 00000cam a2200000 a 4500 | ||
|---|---|---|---|
| 001 | UCF3921 | ||
| 003 | CL-VaPUC | ||
| 008 | 121108e20080000SP |||||||||||||||||spa|d | ||
| 020 | |a 9788426714541 | ||
| 082 | 0 | 4 | |a 628.162 |b SOR |2 21 |
| 100 | 0 | |a Soriano Rull, Albert |e author |9 565566 | |
| 245 | 1 | 0 | |a Evacuación de aguas residuales en edificios |
| 300 | |a 166 p | ||
| 942 | |c BK | ||
| 945 | |d 20121108 00:00:00 |a dcastane | ||
| 260 | |a Barcelona |b Marcombo S. A |c 2008 | ||
| 650 | 0 | |a Aguas residuales |9 262614 | |
| 650 | 0 | |a Aguas servidas |9 261486 | |
| 650 | 7 | |a TRATAMIENTO DE AGUAS SERVIDAS |2 CL-VaPUC |9 435804 | |
| 583 | |a last modification |c 20121108 11:12:00 |k Rodrigo Vera | ||
| 999 | |c 349957 |d 349955 | ||
| 952 | |0 0 |1 0 |4 0 |6 628_162000000000000_SOR_2008 |7 0 |8 A |9 452855 |a BIBING |b BIBING |d 2019-11-22 |i 491600K |o 628.162 SOR 2008 |p 491600K |r 2025-01-20 |w 2019-11-22 |y BK |k CCL | ||